| 000 | 00914nam a22002531u 4500 | ||
|---|---|---|---|
| 001 | 07087 | ||
| 003 | HDC | ||
| 007 | cr bn --- | ||
| 008 | 210126p2015 o d 00 engg | ||
| 040 | _aHDC | ||
| 100 |
_aTn. Hj. Shaharuddin M Saaid _eauthor _97577 |
||
| 245 | 0 |
_aMuslim Friendly Accommodations : Perspective from Malaysia Standard / by _cTn. Hj. Shaharuddin M Saaid |
|
| 260 |
_a[No Place] : _b[publisher not identified], _c2015 |
||
| 300 |
_a53 pages : _billustrations |
||
| 336 |
_atext _2rdacontent |
||
| 337 |
_acomputer _2rdamedia |
||
| 338 |
_aonline resource _2rdacarrier |
||
| 650 |
_aFriendly Accommodations _97578 |
||
| 650 |
_aIslamic tourism _9786 |
||
| 856 | _zRequest full-text at [email protected] | ||
| 942 | _2lcc | ||
| 942 | _cSLIDE | ||
| 942 | _kSLID 000248 | ||
| 999 |
_c4411 _d4411 |
||